| 000 | 00979nam a2200217 a 4500 | ||
|---|---|---|---|
| 008 | 120416s1997 ||||||||||||||||| || u | ||
| 020 | _a0750630906 | ||
| 050 | _aTH 846 Mac | ||
| 100 | _aMacdonald, Angus J | ||
| 245 | 1 | 0 | _aStructural design for architecture |
| 260 |
_aOxford _bArchitectural Press _c1997 |
||
| 300 | _axi, 267p. : ill. | ||
| 350 | _a0.00 | ||
| 500 | _aBibliography | ||
| 650 | _aBUILDINGS | ||
| 650 | _aTEXTBOOKS | ||
| 650 | _aSTRUCTURAL DESIGN | ||
| 995 |
_aMAIN LIBRARY OPEN ACCESS _D0.00 _e731960 _FCBU-MAIN LIBRARY (Kitwe) _H1 _I12.95 _jTH 846 Mac _M1 _UAVAILABLE _y029243 _ZMain Library Open Access Collection |
||
| 995 |
_aMAIN LIBRARY OPEN ACCESS _D0.00 _e731098 _FCBU-MAIN LIBRARY (Kitwe) _H3 _I12.95 _jTH 846 Mac _M3 _UAVAILABLE _WJul 31, 2006 _y028117 _ZMain Library Open Access Collection |
||
| 995 |
_aANNEX COLLECTION (Main Library) _D0.00 _e733963 _FCBU-MAIN LIBRARY (Kitwe) _H2 _I12.95 _jTH 846 Mac _M2 _UAVAILABLE _WJun 26, 2006 _y46131 _ZAnnex Low-Usage Collection |
||
| 999 |
_c76908 _d76908 |
||